| 000 | 00707cam a2200253 4500 | ||
|---|---|---|---|
| 001 | M1449 | ||
| 008 | 090401t1993 xxu||||| |||| 00| 0 eng d | ||
| 035 | _a(Sirsi) u32086 | ||
| 041 | _aeng | ||
| 050 | _a333.0062 | ||
| 100 | _aLewis, Clive | ||
| 245 | _aBusiness needs us: President`s address adapted for Hong Kong. | ||
| 260 |
_aLondon _bRICS _c1993 |
||
| 300 | _a14 leaves ; 30cm. | ||
| 350 | _a0 | ||
| 520 | _aSpech made September 1993. | ||
| 650 | _aABOUT RICS-RICS MEMBERS | ||
| 650 | _aHONG KONG | ||
| 650 | _aSPEECHES | ||
| 690 | _aMANAGEMENT-BUSINESS MANAGEMENT-PROFESSIONAL PRACTICE | ||
| 710 |
_aRoyal Institution of Chartered Surveyors _94900 |
||
| 942 | _n0 | ||
| 948 | _c04/03/1997 | ||
| 999 |
_c89670 _d89670 |
||